LEADER 00970nam0-22003131i-450- 001 990005474710403321 005 20161025162727.0 010 $a2-08-210649-7 035 $a000547471 035 $aFED01000547471 035 $a(Aleph)000547471FED01 035 $a000547471 100 $a19990604d1977----km-y0itay50------ba 101 0 $afre 105 $ay---b---00--- 200 1 $a<>Catalogne dans l'Espagnole moderne$eRecherches sur les fondements Tconomiques des structures nationales, I$fPierre Vilar 210 $aParis$cFlammarion$dc1977 215 $aV.$d22 cm 225 1 $aScience 300 $aLa biblioteca possiede sol questo volume 676 $a946.7$v21$zita 700 1$aVilar,$bPierre$f<1906-2003>$0125996 801 0$aIT$bUNINA$gRICA$2UNIMARC 901 $aBK 912 $a990005474710403321 952 $a946.7 VIL 2 (1)$bST.MED.MOD. 8549$fFLFBC 959 $aFLFBC 996 $aCatalogne dans l'Espagnole moderne$9587700 997 $aUNINA LEADER 01874nam 2200397z- 450 001 9910346720803321 005 20210211 010 $a1000027008 035 $a(CKB)4920000000094493 035 $a(oapen)https://directory.doabooks.org/handle/20.500.12854/50400 035 $a(oapen)doab50400 035 $a(EXLCZ)994920000000094493 100 $a20202102d2012 |y 0 101 0 $ager 135 $aurmn|---annan 181 $ctxt$2rdacontent 182 $cc$2rdamedia 183 $acr$2rdacarrier 200 00$aIntegrierte Lagesensorik fu?r ein adaptives mikrooptisches Ablenksystem 210 $cKIT Scientific Publishing$d2012 215 $a1 online resource (VI, 132 p. p.) 225 1 $aSchriften des Instituts für Mikrostrukturtechnik am Karlsruher Institut für Technologie / Hrsg.: Institut für Mikrostrukturtechnik 311 08$a3-86644-829-5 330 $aIn einem mikrooptischen Ablenksystem sollen die sensorischen Eigenschaften der ferromagnetischen Formgeda?chtnislegierung Ni-Mn-Ga untersucht werden. Dabei kommt ein elektro-thermisch aktivierbarer, durch einen Permanentmagneten vorausgelenkter Du?nnfilm-Biegeaktor zur Strahlablenkung zum Einsatz. Die Untersuchung der Eignung des magnetoresistiven Materials zur Positionsermittlung ist Ziel dieser Arbeit. Zur vergleichenden Bewertung werden kapazitive und resistive Referenzsensoren herangezogen. 606 $aTechnology: general issues$2bicssc 610 $aAblenksystem 610 $aFerromagnetische Formgeda?chtnislegierung 610 $aMikrosystemtechnik 610 $aNi-Mn-Ga 610 $aPositionsermittlung 615 7$aTechnology: general issues 700 $aAuernhammer$b Daniel$4auth$01314038 906 $aBOOK 912 $a9910346720803321 996 $aIntegrierte Lagesensorik für ein adaptives mikrooptisches Ablenksystem$93031613 997 $aUNINA LEADER 02914oam 2200841I 450 001 9910170984403321 005 20250625112914.0 010 $a1-134-82316-9 010 $a1-134-82317-7 010 $a1-280-32057-5 010 $a0-203-42871-4 024 7 $a10.4324/9780203428719 035 $a(CKB)111056485522786 035 $a(SSID)ssj0000309830 035 $a(PQKBManifestationID)11224551 035 $a(PQKBTitleCode)TC0000309830 035 $a(PQKBWorkID)10284282 035 $a(PQKB)10352680 035 $a(SSID)ssj0000248001 035 $a(PQKBManifestationID)12105320 035 $a(PQKBTitleCode)TC0000248001 035 $a(PQKBWorkID)10200191 035 $a(PQKB)11711810 035 $a(MiAaPQ)EBC170068 035 $a(Au-PeEL)EBL170068 035 $a(CaPaEBR)ebr10058178 035 $a(CaONFJC)MIL32057 035 $a(OCoLC)251537293 035 $a(OCoLC)50921569 035 $a(EXLCZ)99111056485522786 100 $a20180706d1997 uy 0 101 0 $aeng 135 $aurcn||||||||| 181 $ctxt$2rdacontent 182 $cc$2rdamedia 183 $acr$2rdacarrier 200 10$aSociology on the menu $ean invitation to the study of food and society /$fAlan Beardsworth, Teresa Keil 205 $a1st ed. 210 1$aLondon :$cRoutledge,$d1997. 215 $a1 online resource (x, 277 pages) $cillustrations, charts 300 $aBibliographic Level Mode of Issuance: Monograph 311 0 $a0-415-11424-1 311 0 $a0-415-11425-X 320 $aIncludes bibliographical references (p. 260-270) and indexes. 327 $apt. 1. The social dimensions of the food system -- pt. 2. The social organization of eating -- pt. 3. Food, health and well-being -- pt. 4. Patterns of preference and avoidance. 330 $aSociology on the Menu is an accessible introduction to the sociology of food. Highlighting the social and cultural dimensions of the human food system, from production to consumption, it encourages us to consider new ways of thinking about the apparently mundane, everyday act of eating. 606 $aFood habits 606 $aFood consumption 606 $aNutrition 606 $aSociology 606 $aHàbits alimentaris$2thub 606 $aConsum d'aliments$2thub 606 $aNutrició$2thub 606 $aSociologia$2thub 608 $aLlibres electrònics$2thub 615 0$aFood habits. 615 0$aFood consumption. 615 0$aNutrition. 615 0$aSociology. 615 7$aHàbits alimentaris 615 7$aConsum d'aliments 615 7$aNutrició 615 7$aSociologia. 676 $a391.1 700 $aBeardsworth$b Alan$f1945-$00 701 $aKeil$b Teresa$f1935-$0141561 801 0$bMiAaPQ 801 1$bMiAaPQ 801 2$bMiAaPQ 906 $aBOOK 912 $a9910170984403321 996 $aSociology on the menu$92010441 997 $aUNINA